PLAN OPERATIVO Y ORGANIZACIONAL PARA COMERCIAL ELOHIM BARAHONA 2012 (Record no. 416)

MARC details
000 -LEADER
campo de control de longitud fija 00579nam a22001697a 4500
001 - NÚMERO DE CONTROL
campo de control 1547
005 - FECHA Y HORA DE LA ÚLTIMA TRANSACCIÓN
campo de control 20250522045537.0
008 - DATOS DE LONGITUD FIJA--INFORMACIÓN GENERAL
campo de control de longitud fija 5230202012 dr a
090 ## - LOCALMENTE ASIGNADO TIPO-LC NÚMERO DE CLASIFICACIÓN (OCLC); NÚMERO DE CLASIFICACIÓN LOCAL (RLIN)
Número de clasificación (OCLC) (R) ; Numero de clasificación, CALL (RLIN) (NR) ADM 2012-007
100 ## - ENTRADA PRINCIPAL--NOMBRE DE PERSONA
Nombre de persona MONTERO FELIZ, EDDY JOSE.
245 ## - MENCIÓN DEL TÍTULO
Título PLAN OPERATIVO Y ORGANIZACIONAL PARA COMERCIAL ELOHIM BARAHONA 2012
Mención de responsabilidad, etc. Eddy José Montero Féliz
260 ## - PUBLICACIÓN, DISTRIBUCIÓN, ETC.
Lugar de publicación, distribución, etc. Barahona :
Nombre del editor, distribuidor, etc. UNIVERSIDAD CATOLICA TECNOLOGICA DE BARAHONA
300 ## - DESCRIPCIÓN FÍSICA
Extensión xiv, 205, [113]h :
Otros detalles físicos il.
502 ## - NOTA DE TESIS
Nota de tesis Tesis
504 ## - NOTA DE BIBLIOGRAFÍA, ETC.
Nota de bibliografía, etc. Nota Incluye Bibliografía
650 ## - PUNTO DE ACCESO ADICIONAL DE MATERIA--TÉRMINO DE MATERIA
Fuente del encabezamiento o término 1.PLAN OPERATIVO Y ORGANIZACIONAL PARA UNA CASA COMERCIAL
Holdings
Estatus retirado Estado de pérdida Estado de daño No para préstamo Colección Biblioteca de origen Biblioteca actual Fecha de adquisición Total de préstamos Signatura topográfica completa Código de barras Visto por última vez Copia número Precio de reemplazo Tipo de ítem Koha
        Acervo general de Libros Biblioteca Central Mons. Favio M. Rivas S. Biblioteca Central Mons. Favio M. Rivas S. 20/03/2013   ADM 2012-007 000000000485 23/05/2025 1 23/05/2025 Tesis
        Acervo general de Libros Biblioteca Central Mons. Favio M. Rivas S. Biblioteca Central Mons. Favio M. Rivas S. 19/10/2015 1 ADM 2012-007 000000004096 23/05/2025 2 23/05/2025 Tesis